01316 2200337 4500001002100000005001500021035002500036007000300061008004100064020002200105040001200127041000800139082001200147084001400159090001800173090002200191111006500213245030200278250001100580260005600591300006400647500008300711504002500794650001400819700003700833700003000870850001200900999002200912990002200934990002200956INLIS00000000003385620191010105205 a0010-021800000000582ta180221s2017 yoia g a 1 0 eng d a978-602-6369-64-2 aYOPDYOG0 aeng04223a150 a150 INT p aDEP 150 INT p aCB-D.11 2017-12172 aThe International Conference on PsychologycYogyakartad20161 aProceeding of the international conference on psychology :bpeople's search for meaning through ethnicity, culture, and religion: psychology's role in handling conflicts and sustaining harmony in multicultural society July 29-30, 2016 in Yogyakarta /cpenyunting, YB. Cahya Widiyanto, A. Harimurti aCet. 13 aYogyakarta :bSanata Dharma University Press,c2017 aviii, 177 halaman :bilustrasi, foto, tabel, bagan ;c23 cm aDiterbitkan bekerja sama dengan Faculty of Psychology Sanata Dharma University aTermasuk Bibliografi 4aPsikologi1 aCahya Widiyanto, YB.ePenyunting1 aHarimurti, A.ePenyunting aYOPDYOG aCB-D.11/2017-1217 aCB-D.11/2017-1217 aCB-D.11/2017-1217